|
|
|
|
| LEADER |
00000cam a2200000 a 4500 |
| 001 |
vtls001305028 |
| 003 |
SK-MaSNL |
| 005 |
20260301155703.0 |
| 008 |
240405s1997 xo gf 0000p slo |
| 015 |
|
|
|a SNBK1997/0301415
|
| 020 |
|
|
|a 8080470650
|
| 035 |
|
|
|a SNK000257246
|
| 040 |
|
|
|a SNK
|b slo
|c SNK
|e AACR2
|
| 041 |
0 |
|
|a slo
|
| 044 |
|
|
|a xo
|c SK
|
| 080 |
|
|
|a 885.4-1(02.056.262)
|2 1981
|
| 100 |
1 |
|
|a Kuniak, Juraj,
|d 1955-
|4 aut
|9 93224
|
| 245 |
1 |
0 |
|a Kúsok svetového priestoru
|h slepecká tlač
|c Juraj Kuniak
|
| 260 |
|
|
|a Levoča
|b Ústredná knižnica pre nevidiacich Mateja Hrebendu
|c 1997
|
| 300 |
|
|
|a [56] s. v Braillovom písme
|c 27x29 cm
|
| 655 |
|
7 |
|a slovenská poézia
|2 SNKPH
|9 70444
|
| 655 |
|
7 |
|a publikácie v Braillovom písme
|2 SNKPH
|9 222610
|
| 655 |
|
7 |
|a publikácie pre nevidiacich
|2 SNKPH
|9 70695
|
| 852 |
|
|
|a Slovenská národná knižnica
|
| 919 |
|
|
|a 80-8047-065-0
|
| 958 |
|
|
|a SX
|
| 958 |
|
|
|a LX
|
| 958 |
|
|
|a KST
|
| 999 |
|
|
|c 802245
|d 804175
|
| 952 |
|
|
|t P60, <03>, [BOOK], {603}
|a SNK
|b SNK
|y PREZ
|7 0
|p 17A0100444
|o snkOSB 11565
|i snkKSP 10426/97
|0 0
|1 0
|4 0
|d 1997-10-07
|l 0
|r 2005-01-02 00:00:00
|w 2026-02-24
|